Molecular cloning : (Record no. 148977)

MARC details
000 -LEADER
fixed length control field 01150cam a2200385 a 4500
001 - CONTROL NUMBER
control field ocm07976996
003 - CONTROL NUMBER IDENTIFIER
control field 0
005 - DATE AND TIME OF LATEST TRANSACTION
control field 20230123133447.0
008 - FIXED-LENGTH DATA ELEMENTS--GENERAL INFORMATION
fixed length control field 811109s1982 nyua b 001 0 eng
010 ## - LIBRARY OF CONGRESS CONTROL NUMBER
LC control number 81068891
016 7# - NATIONAL BIBLIOGRAPHIC AGENCY CONTROL NUMBER
Record control number 8607009
Source DNLM
019 ## -
-- 10285985
020 ## - INTERNATIONAL STANDARD BOOK NUMBER
International Standard Book Number 0879691360 :
Terms of availability $35.00 ($42.00 outside U.S.)
029 1# - OTHER SYSTEM CONTROL NUMBER (OCLC)
OCLC library identifier NLM
System control number 8607009
035 ## - SYSTEM CONTROL NUMBER
-- H130
040 ## - CATALOGING SOURCE
Original cataloging agency DLC
Transcribing agency NUST
Modifying agency CHS
-- OCL
-- MNP
-- NLM
-- UBA
049 ## - LOCAL HOLDINGS (OCLC)
Holding library MAIN
060 00 - NATIONAL LIBRARY OF MEDICINE CALL NUMBER
Classification number EE3555
090 ## - LOCALLY ASSIGNED LC-TYPE CALL NUMBER (OCLC); LOCAL CALL NUMBER (RLIN)
Classification number (OCLC) (R) ; Classification number, CALL (RLIN) (NR) QH442.2
100 1# - MAIN ENTRY--PERSONAL NAME
Personal name Maniatis, Tom.
245 10 - TITLE STATEMENT
Title Molecular cloning :
Remainder of title a laboratory manual /
Statement of responsibility, etc. T. Maniatis, E.F. Fritsch, J. Sambrook.
260 ## - PUBLICATION, DISTRIBUTION, ETC.
Place of publication, distribution, etc. Cold Spring Harbor, N.Y. :
Name of publisher, distributor, etc. Cold Spring Harbor Laboratory,
Date of publication, distribution, etc. 1982.
300 ## - PHYSICAL DESCRIPTION
Extent x, 545 p. :
Other physical details ill. ;
Dimensions 28 cm.
504 ## - BIBLIOGRAPHY, ETC. NOTE
Bibliography, etc. note Bibliography: p. 507-520.
500 ## - GENERAL NOTE
General note Includes index.
650 #0 - SUBJECT ADDED ENTRY--TOPICAL TERM
Topical term or geographic name entry element Molecular cloning.
650 #0 - SUBJECT ADDED ENTRY--TOPICAL TERM
Topical term or geographic name entry element Eukaryotic cells.
650 #2 - SUBJECT ADDED ENTRY--TOPICAL TERM
Topical term or geographic name entry element Cloning, Molecular
Form subdivision laboratory manuals.
650 #7 - SUBJECT ADDED ENTRY--TOPICAL TERM
Topical term or geographic name entry element Genetica
Source of heading or term larpcal
700 1# - ADDED ENTRY--PERSONAL NAME
Personal name Fritsch, E. F.
700 1# - ADDED ENTRY--PERSONAL NAME
Personal name Sambrook, Joseph.
907 ## - LOCAL DATA ELEMENT G, LDG (RLIN)
a .b10020421
b 04-10-16
c 17-04-03
994 ## -
-- 92
-- ZNA
942 ## - ADDED ENTRY ELEMENTS (KOHA)
Koha item type Ordinary Loan Books
Call number prefix QH442.2
Holdings
Date last seen Total Checkouts Full call number Barcode Cost, replacement price Price effective from Koha item type Lost status Source of classification or shelving scheme Damaged status Not for loan Collection Withdrawn status Home library Current library Shelving location Date acquired Cost, normal purchase price
01/23/2023 4 QH442.2 MAN 92003012998 80.00 01/23/2023 BOOKS   LCC     NFIC   MAIN MAIN GEN 01/23/2023 80.00